| 000 | 00942nam a2200217Ia 4500 | ||
|---|---|---|---|
| 999 |
_c51009 _d51009 |
||
| 001 | 17966 | ||
| 003 | GE_BSU | ||
| 005 | 20250220163435.0 | ||
| 008 | 181216s2011||||ge |||||||||||||| ||geo|| | ||
| 040 | _cGE_BSU | ||
| 041 | _ageo | ||
| 080 | _a070(036) კ-91 | ||
| 100 |
_aკუპრაშვილი, ნათია _919876 |
||
| 245 |
_aGARB ახალი მედია - ძველი მედიისთვის : _bგზამკვლევი / _cნათია კუპრეიშვილი ; რედ. : ნინო ჭანტურია. |
||
| 264 |
_aთბილისი : _bკოლორი, _c2011. |
||
| 300 |
_a70 გვ. ; _c20 სმ. _e+1CD |
||
| 653 | _aGARB ახალი მედია - ძველი მედიისთვის | ||
| 653 | _aგზამკვლევი | ||
| 700 |
_aჭანტურია, ნინო _eრედაქტორი _924407 |
||
| 942 |
_cBK _2udc |
||